000
00229nam a2200085Ia 4500
008
220214s9999 xx 000 0 und d
245
0
_a
India and Taiwan: Scope for immense opportunities
260
_b
Facts for You
_c
1997
942
_c
RE
999
_c
45569
_d
45569